[Event "Grand Swiss "]
[Date "2025.09.15"]
[White "Abdusattorov, Nodirbek"]
[Black "Liang, Awonder"]
[WhiteElo "2748"]
[BlackElo "2698"]
[Round "11.11.4"]
[Result "1/2-1/2"]

1. c4 {[%clk 01:40:34] [%emt 00:00:25]} e6 {[%clk 01:40:58] [%emt 00:00:03]} 2.
Nc3 {[%clk 01:40:55] [%emt 00:00:09]} d5 {[%clk 01:41:22] [%emt 00:00:07]} 3. d4
{[%clk 01:41:18] [%emt 00:00:06]} c5 {[%clk 01:41:41] [%emt 00:00:10]} 4. cxd5
{[%clk 01:41:38] [%emt 00:00:11]} exd5 {[%clk 01:42:09] [%emt 00:00:02]} 5. Nf3
{[%clk 01:41:54] [%emt 00:00:14]} Nc6 {[%clk 01:42:37] [%emt 00:00:02]} 6. g3
{[%clk 01:42:10] [%emt 00:00:14]} Nf6 {[%clk 01:42:51] [%emt 00:00:16]} 7. Be3
{[%emt 00:02:14]} cxd4 {[%clk 01:27:20] [%emt 00:14:13]} 8. Nxd4 {[%clk
01:42:37] [%emt 00:00:06]} Ng4 {[%clk 01:22:36] [%emt 00:05:14]} 9. Qd2 {[%clk
01:41:17] [%emt 00:01:50]} Bc5 {[%clk 01:17:59] [%emt 00:05:08]} 10. Bg2 {[%clk
01:35:58] [%emt 00:05:49]} O-O {[%clk 01:15:17] [%emt 00:03:13]} 11. Bxd5 {[%clk
01:22:46] [%emt 00:13:42]} Nxe3 {[%clk 01:15:00] [%emt 00:00:46]} 12. fxe3
{[%clk 01:23:13] [%emt 00:00:02]} Qe7 {[%clk 01:13:22] [%emt 00:02:08]} 13.
O-O-O {[%clk 01:18:03] [%emt 00:05:41]} Bh3 {[%clk 01:12:51] [%emt 00:01:01]}
14. Kb1 {[%clk 01:13:48] [%emt 00:04:45]} Rac8 {[%clk 01:10:06] [%emt 00:03:15]}
15. Ka1 {[%clk 01:03:09] [%emt 00:11:09]} Rfe8 {[%clk 01:08:47] [%emt 00:01:48]}
16. Bf3 {[%clk 00:42:25] [%emt 00:21:14]} Ne5 {[%clk 00:55:15] [%emt 00:14:03]}
17. Nd5 {[%clk 00:42:11] [%emt 00:00:44]} Qd7 {[%clk 00:53:29] [%emt 00:02:16]}
18. e4 {[%clk 00:35:14] [%emt 00:07:27]} Be6 {[%clk 00:40:20] [%emt 00:13:39]}
19. Nxe6 {[%clk 00:28:33] [%emt 00:07:10]} Qxe6 {[%clk 00:39:15] [%emt
00:01:35]} 20. Rhf1 {[%clk 00:27:44] [%emt 00:01:19]} Bf8 {[%clk 00:35:17] [%emt
00:04:29]} 21. Bh5 {[%clk 00:25:59] [%emt 00:02:15]} Rc6 {[%clk 00:34:13] [%emt
00:01:33]} 22. Qg5 {[%clk 00:20:41] [%emt 00:05:48]} Rec8 {[%clk 00:27:26] [%emt
00:07:18]} 23. Rf6 {[%clk 00:19:52] [%emt 00:01:19]} h6 {[%clk 00:26:01] [%emt
00:01:56]} 24. Rxe6 {[%clk 00:19:58] [%emt 00:00:24]} hxg5 {[%clk 00:26:29]
[%emt 00:00:02]} 25. Rxc6 {[%clk 00:20:20] [%emt 00:00:09]} Rxc6 {[%clk
00:26:20] [%emt 00:00:39]} 26. Bf3 {[%clk 00:17:30] [%emt 00:03:20]} g4 {[%clk
00:24:58] [%emt 00:01:52]} 27. Bg2 {[%clk 00:17:56] [%emt 00:00:04]} Rc2 {[%clk
00:23:34] [%emt 00:01:54]} 28. Nf4 {[%clk 00:15:24] [%emt 00:03:01]} Nc4 {[%clk
00:16:55] [%emt 00:07:10]} 29. e5 {[%clk 00:15:48] [%emt 00:00:06]} g5 {[%clk
00:16:32] [%emt 00:00:52]} 30. Nd3 {[%clk 00:13:00] [%emt 00:03:18]} Ne3 {[%clk
00:11:25] [%emt 00:05:38]} 31. Rg1 {[%clk 00:13:28] [%emt 00:00:01]} b6 {[%clk
00:11:45] [%emt 00:00:10]} 32. Kb1 {[%clk 00:13:50] [%emt 00:00:08]} Rxe2 {[%clk
00:12:07] [%emt 00:00:08]} 33. Bb7 {[%clk 00:14:13] [%emt 00:00:07]} Rxh2 {[%clk
00:08:42] [%emt 00:03:56]} 34. Re1 {[%clk 00:14:30] [%emt 00:00:12]} Nf5 {[%clk
00:08:45] [%emt 00:00:27]} 35. e6 {[%clk 00:11:56] [%emt 00:03:05]} fxe6 {[%clk
00:07:46] [%emt 00:01:29]} 36. Rxe6 {[%clk 00:12:21] [%emt 00:00:05]} Rd2 {[%clk
00:06:16] [%emt 00:02:00]} 37. Ba6 {[%clk 00:07:35] [%emt 00:05:16]} Nd4 {[%clk
00:04:39] [%emt 00:02:07]} 38. Re1 {[%clk 00:07:49] [%emt 00:00:16]} b5 {[%clk
00:04:42] [%emt 00:00:27]} 39. Nc1 {[%clk 00:06:34] [%emt 00:01:44]} Bg7 {[%clk
00:02:01] [%emt 00:03:10]} 40. Bc8 {[%clk 00:04:56] [%emt 00:02:09]} Rg2 {[%clk
00:00:37] [%emt 00:01:54]} 41. Re3 {[%clk 00:48:35] [%emt 00:06:50]} Nf3 {[%clk
00:25:40] [%emt 00:25:28]} 42. Ne2 {[%clk 00:48:19] [%emt 00:00:44]} Nd2+ {[%clk
00:16:04] [%emt 00:10:06]} 43. Kc1 {[%clk 00:47:59] [%emt 00:00:48]} Nf1 {[%clk
00:16:29] [%emt 00:00:07]} 44. Re4 {[%clk 00:46:43] [%emt 00:01:45]} Bxb2+
{[%clk 00:15:42] [%emt 00:01:18]} 45. Kxb2 {[%clk 00:46:42]} Nxg3 {[%clk
00:16:10] [%emt 00:00:33]} 46. Rxg4 {[%clk 00:46:39]} Rxe2+ {[%clk 00:16:35]
[%emt 00:00:38]} 47. Kc3 {[%clk 00:45:11] [%emt 00:01:56]} 1/2-1/2

[Site "Europe Echecs"]

[Event "Grand Swiss "]
[Date "2025.09.15"]
[White "Vachier-Lagrave, Maxime"]
[Black "Nihal Sarin"]
[WhiteElo "2738"]
[BlackElo "2693"]
[Round "11.11.5"]
[Result "1/2-1/2"]

1. e4 {[%clk 01:40:59]} e5 {[%clk 01:39:09] [%emt 00:01:52]} 2. Nf3 {[%clk
01:41:25] [%emt 00:00:03]} Nc6 {[%clk 01:39:34] [%emt 00:00:05]} 3. Bb5 {[%clk
01:41:53] [%emt 00:00:02]} a6 {[%clk 01:39:48] [%emt 00:00:16]} 4. Ba4 {[%clk
01:42:20] [%emt 00:00:03]} Nf6 {[%clk 01:40:12] [%emt 00:00:06]} 5. O-O {[%clk
01:42:46] [%emt 00:00:04]} Be7 {[%clk 01:40:36] [%emt 00:00:06]} 6. d3 {[%clk
01:41:11] [%emt 00:02:05]} b5 {[%clk 01:40:13] [%emt 00:00:53]} 7. Bb3 {[%clk
01:41:35] [%emt 00:00:06]} d6 {[%clk 01:40:04] [%emt 00:00:39]} 8. a3 {[%clk
01:41:58] [%emt 00:00:07]} O-O {[%clk 01:40:28] [%emt 00:00:06]} 9. Nc3 {[%clk
01:42:25] [%emt 00:00:03]} Rb8 {[%clk 01:40:38] [%emt 00:00:20]} 10. h3 {[%clk
01:38:16] [%emt 00:04:38]} h6 {[%clk 01:40:38] [%emt 00:00:31]} 11. Nd5 {[%clk
01:35:41] [%emt 00:03:06]} Re8 {[%clk 01:30:48] [%emt 00:10:19]} 12. c3 {[%clk
01:17:52] [%emt 00:18:19]} Bf8 {[%clk 01:29:44] [%emt 00:01:33]} 13. Nxf6+
{[%clk 01:17:51] [%emt 00:00:31]} Qxf6 {[%clk 01:30:06] [%emt 00:00:08]} 14. Nh2
{[%clk 01:18:19] [%emt 00:00:02]} Qg6 {[%clk 01:13:57] [%emt 00:16:39]} 15. h4
{[%clk 01:14:39] [%emt 00:04:11]} Be6 {[%clk 01:08:35] [%emt 00:05:51]} 16. h5
{[%clk 01:14:52] [%emt 00:00:17]} Bxb3 {[%clk 01:06:22] [%emt 00:02:43]} 17.
hxg6 {[%clk 01:15:16] [%emt 00:00:06]} Bxd1 {[%clk 01:06:45] [%emt 00:00:06]}
18. gxf7+ {[%clk 01:15:43] [%emt 00:00:03]} Kxf7 {[%clk 01:07:05] [%emt
00:00:10]} 19. Rxd1 {[%clk 01:16:11] [%emt 00:00:03]} Rbd8 {[%clk 00:52:31]
[%emt 00:15:03]} 20. Be3 {[%clk 01:14:15] [%emt 00:02:26]} d5 {[%clk 00:51:36]
[%emt 00:01:26]} 21. Nf3 {[%clk 01:12:06] [%emt 00:02:38]} dxe4 {[%clk 00:43:02]
[%emt 00:09:03]} 22. dxe4 {[%clk 01:11:36] [%emt 00:01:00]} Rxd1+ {[%clk
00:43:27] [%emt 00:00:06]} 23. Rxd1 {[%clk 01:12:02] [%emt 00:00:05]} Bd6 {[%clk
00:43:46] [%emt 00:00:11]} 24. b4 {[%clk 01:07:55] [%emt 00:04:36]} a5 {[%clk
00:40:06] [%emt 00:04:11]} 25. Kf1 {[%clk 01:06:17] [%emt 00:02:07]} Ke6 {[%clk
00:38:53] [%emt 00:01:43]} 26. Ke2 {[%clk 01:06:25] [%emt 00:00:21]} Ne7 {[%clk
00:36:56] [%emt 00:02:27]} 27. Rh1 {[%clk 01:02:01] [%emt 00:04:54]} Ng8 {[%clk
00:19:52] [%emt 00:17:35]} 28. Nh4 {[%clk 01:00:16] [%emt 00:02:15]} Nf6 {[%clk
00:19:52] [%emt 00:00:30]} 29. f3 {[%clk 01:00:42] [%emt 00:00:05]} Ra8 {[%clk
00:17:12] [%emt 00:03:10]} 30. g4 {[%clk 00:58:41] [%emt 00:02:30]} axb4 {[%clk
00:16:36] [%emt 00:01:06]} 31. axb4 {[%clk 00:59:07] [%emt 00:00:04]} 1/2-1/2

[Site "Europe Echecs"]

[Event "Grand Swiss "]
[Date "2025.09.15"]
[White "Woodward, Andy"]
[Black "Yu, Yangyi"]
[WhiteElo "2557"]
[BlackElo "2714"]
[Round "11.11.6"]
[Result "1/2-1/2"]

1. d4 {[%clk 01:40:55] [%emt 00:00:03]} d5 {[%clk 01:40:46] [%emt 00:00:15]} 2.
c4 {[%clk 01:41:18] [%emt 00:00:07]} e6 {[%clk 01:40:46] [%emt 00:00:31]} 3. Nf3
{[%clk 01:41:38] [%emt 00:00:09]} dxc4 {[%clk 01:39:56] [%emt 00:01:20]} 4. e3
{[%clk 01:39:49] [%emt 00:02:18]} Nf6 {[%clk 01:38:43] [%emt 00:01:43]} 5. Bxc4
{[%clk 01:39:58] [%emt 00:00:21]} c5 {[%clk 01:39:01] [%emt 00:00:12]} 6. O-O
{[%clk 01:40:09] [%emt 00:00:19]} a6 {[%clk 01:39:16] [%emt 00:00:16]} 7. b3
{[%clk 01:39:19] [%emt 00:01:20]} Nc6 {[%clk 01:36:35] [%emt 00:03:12]} 8. dxc5
{[%clk 01:35:17] [%emt 00:04:32]} Qxd1 {[%clk 01:29:01] [%emt 00:08:04]} 9. Rxd1
{[%clk 01:35:39] [%emt 00:00:08]} Bxc5 {[%clk 01:29:26] [%emt 00:00:05]} 10. Bb2
{[%clk 01:29:44] [%emt 00:06:24]} O-O {[%clk 01:26:08] [%emt 00:03:48]} 11. Be2
{[%clk 01:29:25] [%emt 00:00:49]} Rd8 {[%clk 01:24:02] [%emt 00:02:37]} 12.
Rxd8+ {[%clk 01:22:10] [%emt 00:07:46]} Nxd8 {[%clk 01:24:26] [%emt 00:00:06]}
13. Ne5 {[%clk 01:05:29] [%emt 00:17:11]} b5 {[%clk 01:00:14] [%emt 00:24:43]}
14. Nd2 {[%clk 00:59:40] [%emt 00:06:18]} Bb7 {[%clk 00:59:38] [%emt 00:01:06]}
15. Bf3 {[%clk 00:58:35] [%emt 00:01:34]} Bb4 {[%clk 00:46:04] [%emt 00:14:04]}
16. Bxb7 {[%clk 00:51:40] [%emt 00:07:25]} Nxb7 {[%clk 00:45:45] [%emt
00:00:48]} 17. Ndf3 {[%clk 00:51:54] [%emt 00:00:16]} Rc8 {[%clk 00:46:06] [%emt
00:00:10]} 18. Nd4 {[%clk 00:50:20] [%emt 00:02:03]} Kf8 {[%clk 00:45:13] [%emt
00:01:24]} 19. Ndc6 {[%clk 00:30:52] [%emt 00:19:58]} Bd6 {[%clk 00:44:31] [%emt
00:01:12]} 20. Rc1 {[%clk 00:27:09] [%emt 00:04:13]} Nd5 {[%clk 00:35:59] [%emt
00:09:03]} 21. Nd3 {[%clk 00:22:23] [%emt 00:05:15]} f6 {[%clk 00:34:20] [%emt
00:02:10]} 22. g3 {[%clk 00:18:45] [%emt 00:04:07]} Ne7 {[%clk 00:31:35] [%emt
00:03:16]} 23. Nxe7 {[%clk 00:17:19] [%emt 00:01:56]} Rxc1+ {[%clk 00:31:59]
[%emt 00:00:06]} 24. Bxc1 {[%clk 00:17:41] [%emt 00:00:08]} Kxe7 {[%clk
00:32:25] [%emt 00:00:04]} 25. e4 {[%clk 00:16:53] [%emt 00:01:18]} Nc5 {[%clk
00:30:02] [%emt 00:02:54]} 26. Nxc5 {[%clk 00:17:16] [%emt 00:00:07]} Bxc5
{[%clk 00:30:28] [%emt 00:00:04]} 27. Kf1 {[%clk 00:17:34] [%emt 00:00:11]} f5
{[%clk 00:30:20] [%emt 00:00:38]} 28. exf5 {[%clk 00:16:38] [%emt 00:01:26]}
exf5 {[%clk 00:30:47] [%emt 00:00:04]} 29. f3 {[%clk 00:16:46] [%emt 00:00:21]}
Ke6 {[%clk 00:26:32] [%emt 00:04:46]} 30. Ke2 {[%clk 00:14:33] [%emt 00:02:42]}
Bd6 {[%clk 00:24:20] [%emt 00:02:42]} 31. Bd2 {[%clk 00:13:10] [%emt 00:01:54]}
h5 {[%clk 00:23:49] [%emt 00:01:01]} 32. Be1 {[%clk 00:10:18] [%emt 00:03:21]}
g5 {[%clk 00:22:14] [%emt 00:02:06]} 33. h3 {[%clk 00:10:21] [%emt 00:00:27]}
Kd5 {[%clk 00:20:00] [%emt 00:02:44]} 34. Kd3 {[%clk 00:10:42] [%emt 00:00:08]}
g4 {[%clk 00:20:14] [%emt 00:00:16]} 35. hxg4 {[%clk 00:11:04] [%emt 00:00:09]}
hxg4 {[%clk 00:20:11] [%emt 00:00:33]} 36. fxg4 {[%clk 00:11:28] [%emt
00:00:06]} fxg4 {[%clk 00:20:37] [%emt 00:00:04]} 37. Bf2 {[%clk 00:11:48] [%emt
00:00:10]} a5 {[%clk 00:19:23] [%emt 00:01:44]} 38. a4 {[%clk 00:11:17] [%emt
00:01:00]} bxa4 {[%clk 00:19:42] [%emt 00:00:12]} 39. bxa4 {[%clk 00:11:43]
[%emt 00:00:05]} Bb4 {[%clk 00:20:06] [%emt 00:00:06]} 40. Bb6 {[%clk 00:12:06]
[%emt 00:00:07]} Be1 {[%clk 00:19:52] [%emt 00:00:44]} 41. Bc7 {[%clk 00:12:29]
[%emt 00:00:06]} Kc6 {[%clk 00:19:28] [%emt 00:00:54]} 42. Bxa5 {[%clk 00:12:54]
[%emt 00:00:06]} Bxa5 {[%clk 00:19:52] [%emt 00:00:06]} 43. Ke4 {[%clk 00:13:20]
[%emt 00:00:04]} Bc7 {[%clk 00:20:19] [%emt 00:00:03]} 44. Kf5 {[%clk 00:13:46]
[%emt 00:00:04]} Kb6 {[%clk 00:20:42] [%emt 00:00:06]} 45. a5+ {[%clk 00:14:12]
[%emt 00:00:04]} Kxa5 {[%clk 00:21:09] [%emt 00:00:04]} 46. Kxg4 {[%clk
00:14:37] [%emt 00:00:05]} Bxg3 {[%clk 00:21:35] [%emt 00:00:04]} 1/2-1/2

[Site "Europe Echecs"]

[Event "Grand Swiss "]
[Date "2025.09.15"]
[White "Vidit, Santosh Gujrathi"]
[Black "Mishra, Abhimanyu"]
[WhiteElo "2712"]
[BlackElo "2611"]
[Round "11.11.7"]
[Result "1/2-1/2"]

1. Nf3 {[%clk 01:40:14] [%emt 00:00:44]} Nf6 {[%clk 01:40:53] [%emt 00:00:08]}
2. c4 {[%clk 01:40:15] [%emt 00:00:29]} g6 {[%clk 01:41:11] [%emt 00:00:13]} 3.
Nc3 {[%clk 01:40:16] [%emt 00:00:28]} d5 {[%clk 01:41:33] [%emt 00:00:09]} 4.
cxd5 {[%clk 01:39:58] [%emt 00:00:47]} Nxd5 {[%clk 01:41:55] [%emt 00:00:08]} 5.
h4 {[%clk 01:40:06] [%emt 00:00:22]} c5 {[%clk 01:42:17] [%emt 00:00:08]} 6. h5
{[%clk 01:39:56] [%emt 00:00:39]} Nc6 {[%clk 01:42:40] [%emt 00:00:08]} 7. hxg6
{[%clk 01:28:35] [%emt 00:11:50]} fxg6 {[%clk 01:42:59] [%emt 00:00:11]} 8. g3
{[%clk 01:14:13] [%emt 00:14:52]} Bg7 {[%clk 01:43:11] [%emt 00:00:18]} 9. Bg2
{[%clk 01:14:24] [%emt 00:00:19]} Bf5 {[%clk 01:42:51] [%emt 00:00:50]} 10. Nh4
{[%clk 00:59:01] [%emt 00:15:53]} Nxc3 {[%clk 01:19:45] [%emt 00:23:37]} 11.
dxc3 {[%clk 00:45:49] [%emt 00:13:42]} Qxd1+ {[%clk 01:18:44] [%emt 00:01:31]}
12. Kxd1 {[%clk 00:46:17] [%emt 00:00:01]} O-O-O+ {[%clk 01:14:09] [%emt
00:05:05]} 13. Ke1 {[%clk 00:45:45] [%emt 00:01:02]} Bd7 {[%clk 01:08:18] [%emt
00:06:21]} 14. Nf3 {[%clk 00:36:33] [%emt 00:09:42]} h6 {[%clk 01:04:04] [%emt
00:04:44]} 15. Be3 {[%clk 00:36:55] [%emt 00:00:07]} b6 {[%clk 01:03:16] [%emt
00:01:18]} 16. Rc1 {[%clk 00:37:19] [%emt 00:00:06]} a5 {[%clk 00:51:38] [%emt
00:12:09]} 17. Nd2 {[%clk 00:37:29] [%emt 00:00:20]} Kc7 {[%clk 00:45:34] [%emt
00:06:34]} 18. f4 {[%clk 00:19:52] [%emt 00:18:07]} Bf5 {[%clk 00:33:32] [%emt
00:12:32]} 19. a4 {[%clk 00:20:06] [%emt 00:00:16]} e5 {[%clk 00:30:36] [%emt
00:03:27]} 20. Bh3 {[%clk 00:16:53] [%emt 00:03:42]} Bxh3 {[%clk 00:28:52] [%emt
00:02:14]} 21. Rxh3 {[%clk 00:17:22] [%emt 00:00:01]} Ne7 {[%clk 00:24:54] [%emt
00:04:29]} 22. Nc4 {[%clk 00:16:06] [%emt 00:01:45]} Nd5 {[%clk 00:23:04] [%emt
00:02:20]} 23. Bd2 {[%clk 00:13:49] [%emt 00:02:48]} exf4 {[%clk 00:15:32] [%emt
00:08:02]} 24. Bxf4+ {[%clk 00:10:36] [%emt 00:03:42]} Nxf4 {[%clk 00:13:42]
[%emt 00:02:21]} 25. gxf4 {[%clk 00:11:05] [%emt 00:00:01]} g5 {[%clk 00:14:00]
[%emt 00:00:12]} 26. fxg5 {[%clk 00:10:05] [%emt 00:01:30]} hxg5 {[%clk
00:14:23] [%emt 00:00:07]} 27. Rxh8 {[%clk 00:10:25] [%emt 00:00:10]} Rxh8
{[%clk 00:14:33] [%emt 00:00:19]} 28. Kd2 {[%clk 00:09:58] [%emt 00:00:56]} Kc6
{[%clk 00:10:00] [%emt 00:05:04]} 29. Rg1 {[%clk 00:09:09] [%emt 00:01:18]} b5
{[%clk 00:09:06] [%emt 00:01:24]} 30. axb5+ {[%clk 00:08:34] [%emt 00:01:06]}
Kxb5 {[%clk 00:09:26] [%emt 00:00:10]} 31. Nd6+ {[%clk 00:05:44] [%emt
00:03:20]} 1/2-1/2

[Site "Europe Echecs"]

[Event "Grand Swiss "]
[Date "2025.09.15"]
[White "Esipenko, Andrey"]
[Black "Nepomniachtchi, Ian"]
[WhiteElo "2687"]
[BlackElo "2742"]
[Round "11.11.8"]
[Result "1-0"]

1. e4 {[%clk 01:37:15] [%emt 00:03:44]} c5 {[%clk 01:40:50] [%emt 00:00:10]} 2.
Nf3 {[%clk 01:37:38] [%emt 00:00:07]} d6 {[%clk 01:41:15] [%emt 00:00:05]} 3. d4
{[%clk 01:38:00] [%emt 00:00:09]} cxd4 {[%clk 01:41:39] [%emt 00:00:06]} 4. Nxd4
{[%clk 01:38:25] [%emt 00:00:05]} Nf6 {[%clk 01:42:04] [%emt 00:00:05]} 5. Nc3
{[%clk 01:38:51] [%emt 00:00:05]} a6 {[%clk 01:42:31] [%emt 00:00:03]} 6. h3
{[%clk 01:38:58] [%emt 00:00:23]} e5 {[%clk 01:42:43] [%emt 00:00:17]} 7. Nb3
{[%clk 01:39:03] [%emt 00:00:26]} Be6 {[%clk 01:41:56] [%emt 00:01:17]} 8. f4
{[%clk 01:39:22] [%emt 00:00:11]} b5 {[%clk 01:39:11] [%emt 00:03:15]} 9. Be3
{[%clk 01:39:11] [%emt 00:00:40]} exf4 {[%clk 01:36:39] [%emt 00:03:02]} 10.
Bxf4 {[%clk 01:39:34] [%emt 00:00:08]} Nc6 {[%clk 01:37:03] [%emt 00:00:06]} 11.
Qe2 {[%clk 01:39:21] [%emt 00:00:43]} Nd7 {[%clk 01:37:07] [%emt 00:00:25]} 12.
O-O-O {[%clk 01:35:42] [%emt 00:04:10]} Nce5 {[%clk 01:37:27] [%emt 00:00:09]}
13. Nd4 {[%clk 01:32:50] [%emt 00:03:23]} g6 {[%clk 01:32:40] [%emt 00:05:17]}
14. Qd2 {[%clk 01:26:10] [%emt 00:07:10]} Rc8 {[%clk 01:30:00] [%emt 00:03:10]}
15. Kb1 {[%clk 01:18:06] [%emt 00:08:33]} Qa5 {[%clk 01:19:21] [%emt 00:11:10]}
16. Be2 {[%clk 01:02:52] [%emt 00:15:45]} Be7 {[%clk 01:16:24] [%emt 00:03:27]}
17. Rhf1 {[%clk 00:55:20] [%emt 00:08:01]} h5 {[%clk 01:04:05] [%emt 00:12:49]}
18. Nxe6 {[%clk 00:45:26] [%emt 00:10:24]} fxe6 {[%clk 01:03:24] [%emt
00:01:11]} 19. a3 {[%clk 00:45:55] [%emt 00:00:01]} Rc6 {[%clk 00:59:14] [%emt
00:04:40]} 20. Be3 {[%clk 00:43:20] [%emt 00:03:05]} Qd8 {[%clk 00:50:10] [%emt
00:09:35]} 21. Na2 {[%clk 00:40:36] [%emt 00:03:13]} Nc4 {[%clk 00:42:47] [%emt
00:07:53]} 22. Bxc4 {[%clk 00:38:51] [%emt 00:02:16]} Rxc4 {[%clk 00:43:16]
[%emt 00:00:01]} 23. b3 {[%clk 00:34:51] [%emt 00:04:29]} Rc8 {[%clk 00:42:50]
[%emt 00:00:56]} 24. Bd4 {[%clk 00:34:49] [%emt 00:00:31]} Rh7 {[%clk 00:39:16]
[%emt 00:04:05]} 25. Qd3 {[%clk 00:32:59] [%emt 00:02:21]} e5 {[%clk 00:31:31]
[%emt 00:08:15]} 26. Bb2 {[%clk 00:32:56] [%emt 00:00:33]} Qc7 {[%clk 00:28:55]
[%emt 00:03:06]} 27. Nb4 {[%clk 00:32:44] [%emt 00:00:41]} a5 {[%clk 00:28:40]
[%emt 00:00:46]} 28. Nd5 {[%clk 00:32:57] [%emt 00:00:16]} Qc6 {[%clk 00:29:06]
[%emt 00:00:04]} 29. Rf2 {[%clk 00:31:41] [%emt 00:01:45]} Nc5 {[%clk 00:27:05]
[%emt 00:02:31]} 30. Qg3 {[%clk 00:22:17] [%emt 00:09:53]} Rg7 {[%clk 00:27:30]
[%emt 00:00:06]} 31. Nxe7 {[%clk 00:17:17] [%emt 00:05:30]} Rxe7 {[%clk
00:26:48] [%emt 00:01:12]} 32. Qxg6+ {[%clk 00:17:13] [%emt 00:00:34]} Kd7
{[%clk 00:27:18]} 33. Rd5 {[%clk 00:17:16] [%emt 00:00:26]} Kc7 {[%clk 00:26:32]
[%emt 00:01:17]} 34. Rf6 {[%clk 00:16:09] [%emt 00:01:37]} Nb7 {[%clk 00:25:31]
[%emt 00:01:32]} 35. Qxh5 {[%clk 00:16:18] [%emt 00:00:20]} a4 {[%clk 00:25:26]
[%emt 00:00:35]} 36. Qe2 {[%clk 00:11:26] [%emt 00:05:21]} axb3 {[%clk 00:25:14]
[%emt 00:00:43]} 37. cxb3 {[%clk 00:11:27] [%emt 00:00:29]} Kb8 {[%clk 00:25:41]
[%emt 00:00:03]} 38. Rxb5 {[%clk 00:08:36] [%emt 00:03:21]} Rec7 {[%clk
00:26:06] [%emt 00:00:05]} 39. a4 {[%clk 00:08:28] [%emt 00:00:38]} Qd7 {[%clk
00:26:08] [%emt 00:00:29]} 40. Qd3 {[%clk 00:06:18] [%emt 00:02:38]} 1-0

[Site "Europe Echecs"]